PICKLES! - Statistics

General Stats
  • This quiz has been taken 48 times
  • The average score is 3 of 15
Answer Stats
Pickled Hint Pickled Answer % Correct
r u gettin dayja vue yet? ?
100%
(PICKLES) is the answer to this hint. (PICKLES)
76%
This quiz is different than the other FOOD! quizzes right? PICKLES
76%
Are you supposed to eat ^> No!
48%
The movie. Not the actor that said it. Oh! sorry about that its Charlie and th-
5%
No. The original one. Well technically the original one IS Charlie and th-
5%
No. Wrong. Guess again. What! Yes it is!
5%
No. Not the book. The original MOVIE. From 1971. Please answer it right this time. This is the last question/answer and we don't room (nor time) for your lolligagging (I don't think I spelled that correctly). Oops! Willy Wonka and the Chocolate Factory
5%
What was ^ partially a quote from? Gene Wilder
2%
What is ^ a quote from? Groundhog Day
2%
cuz i am all-reddy gettin dat Otay
2%
Am I right or am I right? Right? Right? Right? Right? hahahahahahahahahahahahahaha- Please shut up
2%
No. It's the other one. Wonka?
2%
What's the pickled answer to this pickled hint? How the heck am I supposed to know!
0%
If you said yes than you lose sir. Click "finish quiz" right now or else. Wonky's Weirdly Wonderful World of Dastardly Wizards.
0%
No matching quizzes found
Score Distribution
Percent of People with Each Score
Percentile by Number Answered
Your Score History
You have not taken this quiz